000
00213nam a22000857a 4500
008
170527b xxu||||| |||| 00| 0 eng d
100
_9
3143
_a
J. Oke
245
_a
The measure of a heart
260
_a
USA
_b
Bethany Row
_c
1992
999
_c
6433
_d
6433